ՀՀ Գիտությունների ազգային ակադեմիայի հիմնարար գիտական գրադարան  =   Fundamental Scientific Library of NAS RA

Երկու տարբեր հեղինակներ Սեբեոսին վերագրվող պատմությունում / (Record no. 540493)

MARC details
000 -LEADER
fixed length control field 01412nam a2200229 a 4500
001 - CONTROL NUMBER
control field 2046733
003 - CONTROL NUMBER IDENTIFIER
control field AM-YEHGA
005 - DATE AND TIME OF LATEST TRANSACTION
control field 20260408151345.0
008 - FIXED-LENGTH DATA ELEMENTS--GENERAL INFORMATION
fixed length control field 260126s1962 ai |||gr|||| 000|0 arm d
040 ## - CATALOGING SOURCE
Original cataloging agency AM-YEHGA
041 0# - LANGUAGE CODE
Language code of text/sound track or separate title arm
100 1# - MAIN ENTRY--PERSONAL NAME
Personal name Աբգարյան, Գևորգ
245 10 - TITLE STATEMENT
Title Երկու տարբեր հեղինակներ Սեբեոսին վերագրվող պատմությունում /
Statement of responsibility, etc. Գևորգ Աբգարյան; Հայկական ՍՍՌ Մինիստրների Սովետին առընթեր Մաշտոցի անվան ձեռագրերի ինստիտուտ-«Մատենադարան».
260 ## - PUBLICATION, DISTRIBUTION, ETC.
Place of publication, distribution, etc. Երևան :
Name of publisher, distributor, etc. Հայկական ՍՍՀ ԳԱ հրատ.,
Date of publication, distribution, etc. 1962.
300 ## - PHYSICAL DESCRIPTION
Extent էջ 25-56 ;
Dimensions 25 սմ.
500 ## - GENERAL NOTE
General note Առանձնատիպ՝ Հայկական ՍՍՌ Մինիստրների Սովետին առընթեր Մաշտոցի անվան ձեռագրերի ինստիտուտ-«Մատենադարան»ի «Բանբեր Մատենադարանի»-ից, № 6, 1962 թ.:
504 ## - BIBLIOGRAPHY, ETC. NOTE
Bibliography, etc. note Մատենագիտ. տողատ. ծանոթ.
600 04 - SUBJECT ADDED ENTRY--PERSONAL NAME
Personal name Սեբեոս,
Dates associated with a name 6-րդ դար - 7-րդ դար
General subdivision Պատմություն
-- Առանձնատիպ
650 14 - SUBJECT ADDED ENTRY--TOPICAL TERM
Topical term or geographic name entry element Հայոց պատմություն
710 2# - ADDED ENTRY--CORPORATE NAME
Corporate name or jurisdiction name as entry element այկական ՍՍՌ Մինիստրների Սովետին առընթեր Մաշտոցի անվան ձեռագրերի ինստիտուտ-«Մատենադարան»
942 ## - ADDED ENTRY ELEMENTS (KOHA)
Source of classification or shelving scheme Universal Decimal Classification
Koha item type Գրքեր / Books
Holdings
Withdrawn status Lost status Source of classification or shelving scheme Damaged status Not for loan Collection Home library Current library Date acquired Total checkouts Full call number Barcode Date last seen Price effective from Koha item type Public note
    Universal Decimal Classification     Gharibyan individual Collection Fundamental Scientific Library Fundamental Scientific Library 26/01/2026   Ղար/665 FL0702873 26/01/2026 26/01/2026 Գրքեր / Books ILL Non-Circ.


ՀՀ ԳԱԱ հիմնարար գիտական գրադարան
ՀՀ,Երևան 0019
Մարշալ Բաղրամյան 24/6
հեռախոս:(374-10) 52-47-50
Հետադարձ կապ

All site content, except where otherwise noted, is licensed under a
Creative Commons License